[Event "FRA-chT 0304 Regionale"]
[Site "Bretagne "]
[Date "2004.02.01"]
[Round "5"]
[White "Caillere, Remi"]
[Black "Danet, Claude"]
[Result "1-0"]
[WhiteElo "1460"]
[BlackElo "1540"]
[PlyCount "119"]
[EventDate "2003.01.16"]
[EventType "team"]
[EventRounds "7"]
[EventCountry "FRA"]
[SourceTitle "EXT 2007"]
[Source "ChessBase"]
[SourceDate "2006.11.23"]
[SourceVersion "1"]
[SourceVersionDate "2006.11.23"]
[SourceQuality "1"]

1. e4 c5 2. Bc4 Nc6 3. b3 Nf6 4. Nc3 e6 5. Nf3 d6 6. Bb2 a6 7. a4 Be7 8. 0-0 0-0 9. Re1 Nd7 10. d4 cxd4 11. Nxd4 Bf6 12. Nxc6 bxc6 13. Qxd6 Ne5 14. Qc5 Qc7 15. Be2 Rd8 16. Rad1 Bb7 17. b4 Be7 18. Rxd8+ Rxd8 19. Qe3 Bxb4 20. Qg3 f6 21. Bc4 Qe7 22. Bb3 a5 23. Rd1 Rxd1+ 24. Nxd1 Qd7 25. Ne3 Ng6 26. Qg4 Bc8 27. Nc4 Kf8 28. Nb6 Qd2 29. h3 Qe1+ 30. Kh2 Bd6+ 31. e5 Nxe5 32. Bxe5 Bxe5+ 33. f4 f5 34. Qf3 Qb4 35. Nxc8 Bxf4+ 36. g3 Qd2+ 37. Qg2 Qxg2+ 38. Kxg2 Bc7 39. Bxe6 g6 40. Na7 Ke7 41. Bb3 Kd7 42. Bg8 h6 43. Bh7 Bb8 44. Nxc6 Kxc6 45. Bxg6 f4 46. gxf4 Kd6 47. Kf3 Ke6 48. f5+ Kf6 49. Kg4 Bd6 50. Kf3 Bc5 51. Ke4 Be7 52. c4 Bd8 53. c5 Bc7 54. Kd5 h5 55. Kc6 Bg3 56. Kd7 Kg5 57. c6 Kh4 58. c7 Bxc7 59. Kxc7 Kxh3 60. Bxh5 1-0

[Event "Ile et Vilaine-ch"]
[Site "Ile et Vilaine"]
[Date "2003.03.22"]
[Round "7"]
[White "Danet, Claude"]
[Black "Wietholter, Frederik"]
[Result "0-1"]
[WhiteElo "1470"]
[BlackElo "1500"]
[PlyCount "73"]
[EventDate "2002.10.19"]
[EventType "swiss"]
[EventRounds "7"]
[EventCountry "FRA"]
[SourceTitle "EXT 2008"]
[Source "ChessBase"]
[SourceDate "2007.11.25"]
[SourceVersion "1"]
[SourceVersionDate "2007.11.25"]
[SourceQuality "1"]

1. c4 e5 2. d3 Nc6 3. Nc3 f5 4. g3 d6 5. Bg2 Nce7 6. Nf3 c6 7. b4 Nf6 8. 0-0 Ng6 9. a4 d5 10. Qb3 Be6 11. Rd1 Bd6 12. Bg5 h6 13. Bxf6 Qxf6 14. cxd5 cxd5 15. Nxd5 Qf7 16. Ne1 0-0 17. e4 fxe4 18. dxe4 Qxf2+ 19. Kh1 Qf7 20. Nc2 Kh8 21. Rf1 Bxd5 22. exd5 Qc7 23. Rac1 Rxf1+ 24. Rxf1 Rc8 25. Be4 Nf8 26. Ne3 Qc3 27. Qxc3 Rxc3 28. b5 Rxe3 29. Bf5 Ra3 30. Bc2 Rc3 31. Bf5 Rc4 32. Ra1 Rc5 33. Rd1 Nh7 34. h4 Rc3 35. Kg2 Nf6 36. Ra1 Nxd5 37. Rd1 0-1

[Event "Ile et Vilaine-ch"]
[Site "Ile et Vilaine"]
[Date "2002.11.30"]
[Round "3"]
[White "Morla, Antoine"]
[Black "Danet, Claude"]
[Result "1-0"]
[WhiteElo "1460"]
[BlackElo "1520"]
[PlyCount "73"]
[EventDate "2002.10.19"]
[EventType "swiss"]
[EventRounds "7"]
[EventCountry "FRA"]
[SourceTitle "EXT 2008"]
[Source "ChessBase"]
[SourceDate "2007.11.25"]
[SourceVersion "1"]
[SourceVersionDate "2007.11.25"]
[SourceQuality "1"]

1. d4 Nf6 2. c4 e6 3. Nc3 b6 4. Bg5 Be7 5. Nf3 Bb7 6. e3 Ne4 7. Nxe4 Bxe4 8. Bf4 Bb4+ 9. Nd2 Bb7 10. a3 Be7 11. Qg4 Bf6 12. Be2 d6 13. Bf3 Bxf3 14. Nxf3 Qd7 15. 0-0 e5 16. Qxd7+ Nxd7 17. Bg3 exd4 18. exd4 0-0 19. b3 Rfd8 20. Rac1 Nf8 21. d5 Bb2 22. Rb1 Bxa3 23. Rfe1 Bb4 24. Re7 Rac8 25. Nd4 a5 26. Nc6 Rd7 27. Rxd7 Kh8 28. Rd8 Rxd8 29. Nxd8 Kg8 30. Nc6 Bc5 31. Re1 h6 32. Re8 f6 33. Rc8 b5 34. Nxa5 bxc4 35. Nxc4 Bb6 36. Nxb6 cxb6 37. Bxd6 1-0

[Event "Ile et Vilaine-chA 0001"]
[Site "Ile et Vilaine"]
[Date "2000.10.21"]
[Round "1"]
[White "Le Duigou, Jean Guy"]
[Black "Danet, Claude"]
[Result "1-0"]
[WhiteElo "1960"]
[BlackElo "1600"]
[PlyCount "109"]
[EventDate "2000.10.21"]
[EventType "swiss"]
[EventRounds "7"]
[EventCountry "FRA"]
[SourceTitle "EXT 2007"]
[Source "ChessBase"]
[SourceDate "2006.11.23"]
[SourceVersion "1"]
[SourceVersionDate "2006.11.23"]
[SourceQuality "1"]

1. d4 Nf6 2. Nf3 d5 3. c4 e6 4. g3 Nc6 5. Bg2 Bd7 6. 0-0 Be7 7. Ne5 0-0 8. Nc3 Be8 9. cxd5 exd5 10. Bg5 h6 11. Bxf6 Bxf6 12. Nxd5 Nxe5 13. Nxf6+ Qxf6 14. dxe5 Qxe5 15. Qc2 c6 16. Rfd1 Rc8 17. Rd2 b6 18. Rad1 Qc7 19. Bh3 Rb8 20. b4 c5 21. bxc5 bxc5 22. Rd6 Bb5 23. a4 Be8 24. Bd7 Bxd7 25. Rxd7 Qb6 26. Qc4 a5 27. R1d5 Rbc8 28. Re7 Qb4 29. Re4 Qb6 30. Ree5 Qb4 31. Qc2 Rfe8 32. Rxc5 Qb7 33. Rxe8+ Rxe8 34. Rxa5 Rc8 35. Qd1 Qb2 36. Rb5 Qa3 37. Rb1 Qa2 38. Ra1 Qe6 39. a5 Qa6 40. Qd3 Qf6 41. Rb1 Ra8 42. Qd5 Re8 43. e3 Rd8 44. Qe4 g6 45. Qb4 Ra8 46. Qb6 Qc3 47. Rb5 Qd3 48. Qc6 Rd8 49. a6 Qe2 50. Rb1 Rd2 51. Qf6 Rd1+ 52. Rxd1 Qxd1+ 53. Kg2 Qd5+ 54. Qf3 Qa5 55. Qb7 1-0